Private sector housing issues (Record no. 110303)
[ view plain ]
| 000 -LEADER | |
|---|---|
| fixed length control field | 01524cad a22002655a 4500 |
| 001 - CONTROL NUMBER | |
| control field | E148956 |
| 008 - FIXED-LENGTH DATA ELEMENTS--GENERAL INFORMATION | |
| fixed length control field | 091203s2009 xxk f s000 0 eng d |
| 020 ## - INTERNATIONAL STANDARD BOOK NUMBER | |
| International Standard Book Number | 9780755977116 |
| 035 ## - SYSTEM CONTROL NUMBER | |
| System control number | (Sirsi) u148956 |
| 041 0# - LANGUAGE CODE | |
| Language code of text/sound track or separate title | eng |
| 050 04 - LIBRARY OF CONGRESS CALL NUMBER | |
| Classification number | 306.1 $2 18 |
| 100 2# - MAIN ENTRY--PERSONAL NAME | |
| Personal name | Robertson, Lucy |
| 245 00 - TITLE STATEMENT | |
| Title | Private sector housing issues |
| Remainder of title | Housing (Scotland) Bill, an analysis of consultation responses |
| Medium | [electronic resource] |
| 260 ## - PUBLICATION, DISTRIBUTION, ETC. | |
| Place of publication, distribution, etc. | Edinburgh |
| Name of publisher, distributor, etc. | Scottish Government Social Research |
| Date of publication, distribution, etc. | 2009 |
| 505 2# - FORMATTED CONTENTS NOTE | |
| Formatted contents note | Introduction -- Part 1, landlord registration -- Part 2, licensing of houses in multiple occupation -- Part 3, matters arising from implementation of local authority powers in the Housing (Scotland) Act 2006 -- Equalities impact assessment -- Tables -- Appendices |
| 520 ## - SUMMARY, ETC. | |
| Summary, etc. | Analyses responses to the Scottish Government's July 2009 consultation on private sector housing issues for possible inclusion in the draft Housing (Scotland) Bill. The proposals concentrated on on three areas: landlord registration, HMO licensing and local authorities' powers to deal with disrepair in privately owned houses. See E147969 for the original consultation. |
| 521 ## - TARGET AUDIENCE NOTE | |
| Target audience note | Advanced |
| 590 ## - LOCAL NOTE (RLIN) | |
| Local note | KA |
| 650 24 - SUBJECT ADDED ENTRY--TOPICAL TERM | |
| Topical term or geographic name entry element | HOUSING SCOTLAND BILL |
| 651 #4 - SUBJECT ADDED ENTRY--GEOGRAPHIC NAME | |
| Geographic name | Scotland |
| Chronological subdivision | 1999- |
| 690 ## - LOCAL SUBJECT ADDED ENTRY--TOPICAL TERM (OCLC, RLIN) | |
| Topical term or geographic name as entry element | PROPERTY-RESIDENTIAL PROPERTY-DOMESTIC RESIDENTIAL PROPERTY-HOUSING |
| 700 1# - ADDED ENTRY--PERSONAL NAME | |
| Personal name | Campbell, Murray |
| 856 40 - ELECTRONIC LOCATION AND ACCESS | |
| Uniform Resource Identifier | <a href="https://www.scotland.gov.uk/Publications/2009/12/02095414/0">https://www.scotland.gov.uk/Publications/2009/12/02095414/0</a> |
| Public note | View the report free of charge at www.scotland.gov.uk... |
| 942 ## - ADDED ENTRY ELEMENTS (KOHA) | |
| Suppress in OPAC | 0 |
| Withdrawn status | Lost status | Source of classification or shelving scheme | Damaged status | Not for loan | Home library | Current library | Shelving location | Date acquired | Total Checkouts | Full call number | Barcode | Date last seen | Copy number | Price effective from | Koha item type |
|---|---|---|---|---|---|---|---|---|---|---|---|---|---|---|---|
| Dewey Decimal Classification | Virtual | Virtual | Online | 03/12/2009 | ONLINE PUBLICATION | 148956-2001 | 06/08/2019 | 1 | 06/08/2019 | Book |